| 000 | 00485nam a2200181Ia 4500 | ||
|---|---|---|---|
| 008 | 230711s9999||||xx |||||||||||||| ||und|| | ||
| 020 | _a978-81-85790-33-6 | ||
| 041 | _aENG | ||
| 082 |
_a570.15195 _bSH-B |
||
| 100 | _aShah,Y.I | ||
| 245 | 0 |
_aIntroduction to Biostatistics and Computer Science _bFor Pharmacy and Medical Students |
|
| 250 | _a5th Ed. | ||
| 260 |
_c2017 _aPune _bNirali Prakashan |
||
| 300 | _a12.31p. | ||
| 650 | _aPharmacy | ||
| 700 | _aParadkar,A.R | ||
| 942 | _cBK | ||
| 999 |
_c7299 _d7299 |
||